Smosh: Food Battle Foods Quiz Stats

 Plays Quiz not verified by Sporcle

Challenge
Share
Tweet
Embed
Score 0/10 Timer 01:30
3 Plays Today
% Correct
Pink frosted sprinkled donuts
92.5%
Taquitos
63%
Celery
51.5%
Rock Candy
47.5%
Churro
47%
Gummi Snake
41%
Burrito
40%
Chili pepper
38%
Eggroll
35.5%
Lollipop Stick
32.5%

You're not logged in!

Compare scores with friends on all Sporcle quizzes.
Join for Free
OR
Log In

You Might Also Like...

Show Comments

Extras

Top Quizzes Today


Score Distribution

Your Account Isn't Verified!

In order to create a playlist on Sporcle, you need to verify the email address you used during registration. Go to your Sporcle Settings to finish the process.

Report this User

Report this user for behavior that violates our Community Guidelines.

Details: